На полпути (Запись № 13282122)

Подробности
000 -МАРКЕР
контрольное поле 01934njm0a22004331 4500
001 - ИДЕНТИФИКАТОР ЗАПИСИ
контрольное поле RU\NLR\ONIZ\196721
005 - ИДЕНТИФИКАТОР ВЕРСИИ
контрольное поле 20250708192134.0
035 ## - ДРУГИЕ СИСТЕМНЫЕ НОМЕРА
Идентификатор записи (NLR Aleph) 010404481
035 ## - ДРУГИЕ СИСТЕМНЫЕ НОМЕРА
Идентификатор записи RU\NLR\ONIZ\GALA\5000003744\20110524194572
071 00 - ИЗДАТЕЛЬСКИЙ НОМЕР
Номер, присвоенный агентством NS 0604
100 ## - ДАННЫЕ ОБЩЕЙ ОБРАБОТКИ
Данные общей обработки 20110524d2006 |||y0rusy50 ca
102 ## - СТРАНА ПУБЛИКАЦИИ ИЛИ ПРОИЗВОДСТВА
Страна публикации Российская Федерация
126 ## - ПОЛЕ КОДИРОВАННЫХ ДАННЫХ: ЗВУКОЗАПИСИ - ФИЗИЧЕСКИЕ ХАРАКТЕРИСТИКИ
Кодированные данные звукозаписи (общие) axuxxxu ux
Кодированные данные звукозаписи (уточнения) xxx
127 ## - ПОЛЕ КОДИРОВАННЫХ ДАННЫХ: ПРОДОЛЖИТЕЛЬНОСТЬ ЗВУКОЗАПИСЕЙ И НОТНЫХ ИЗДАНИЙ (МУЗЫКАЛЬНОЕ ИСПОЛНЕНИЕ)
Продолжительность 000041
200 1# - ЗАГЛАВИЕ И СВЕДЕНИЯ ОБ ОТВЕТСТВЕННОСТИ
Основное заглавие На полпути
Общее обозначение материала Звукозапись
Первые сведения об ответственности С. Орлов
210 ## - ПУБЛИКАЦИЯ, РАСПРОСТРАНЕНИЕ И ДР.
Место издания, распространения и т.д. Владивосток
Имя издателя, распространителя и т. д. NovikovStudio
Дата издания, распространения и т.д. 2006
215 ## - ФИЗИЧЕСКАЯ ХАРАКТЕРИСТИКА
Специфическое обозначение материала и объем 1 зв. диск (41 мин.), в футл.
Сопроводительный материал прил. (12 с.)
327 1# - ПРИМЕЧАНИЯ О СОДЕРЖАНИИ
Текст примечания 1. Лететь;
-- 2. Полпути;
-- 3. Последнее свидание;
-- 4. Без тебя;
-- 5. Где ты теперь;
-- 6. Помнишь;
-- 7. Зимняя;
-- 8. Adagio da capo;
-- 9. Лишь сердце знает;
-- 10. Звезда;
-- 11. Помнишь : speeded/remixed version
464 #0 - АНАЛИТИЧЕСКИЙ УРОВЕНЬ
Встроенное поле 2001#$aAdagio da capo
Заглавие Adagio da capo
464 #0 - АНАЛИТИЧЕСКИЙ УРОВЕНЬ
Встроенное поле 2001#$aБез тебя
Заглавие Без тебя
464 #0 - АНАЛИТИЧЕСКИЙ УРОВЕНЬ
Встроенное поле 2001#$aГде ты теперь
Заглавие Где ты теперь
464 #0 - АНАЛИТИЧЕСКИЙ УРОВЕНЬ
Встроенное поле 2001#$aЗвезда
Заглавие Звезда
464 #0 - АНАЛИТИЧЕСКИЙ УРОВЕНЬ
Встроенное поле 2001#$aЗимняя
Заглавие Зимняя
464 #0 - АНАЛИТИЧЕСКИЙ УРОВЕНЬ
Встроенное поле 2001#$aЛететь
Заглавие Лететь
464 #0 - АНАЛИТИЧЕСКИЙ УРОВЕНЬ
Встроенное поле 2001#$aЛишь сердце знает
Заглавие Лишь сердце знает
464 #0 - АНАЛИТИЧЕСКИЙ УРОВЕНЬ
Встроенное поле 2001#$aПолпути
Заглавие Полпути
464 #0 - АНАЛИТИЧЕСКИЙ УРОВЕНЬ
Встроенное поле 2001#$aПомнишь
Заглавие Помнишь
464 #0 - АНАЛИТИЧЕСКИЙ УРОВЕНЬ
Встроенное поле 2001#$aПомнишь$espeeded/remixed version
Заглавие Помнишь
464 #0 - АНАЛИТИЧЕСКИЙ УРОВЕНЬ
Встроенное поле 2001#$aПоследнее свидание
Заглавие Последнее свидание
700 #1 - ИМЯ ЛИЦА - ПЕРВИЧНАЯ ОТВЕТСТВЕННОСТЬ
Начальный элемент ввода Орлов
Часть имени, кроме начального элемента ввода С.
Дополнения к именам, кроме дат автор-исполнитель
Расширение инициалов личного имени Сергей
Код отношения Автор
801 #0 - ИСТОЧНИК ЗАПИСИ
Страна Российская Федерация
Организация NLR
Дата составления 20110524
Правила каталогизации PSBO
801 #1 - ИСТОЧНИК ЗАПИСИ
Страна Российская Федерация
Организация NLR
Дата составления 20110524
Источник данных rusmarc
801 #2 - ИСТОЧНИК ЗАПИСИ
Страна Российская Федерация
Организация NLR
Дата составления 20151105
852 ## - МЕСТОНАХОЖДЕНИЕ И ШИФР ХРАНЕНИЯ
Идентификатор организации NLR
Наименование фонда или коллекции (Sub-Location Identifier) Мг
Шифр хранения (Call Number) Д/1203
Страна
Номер экземпляра 1
942 ## - ДОПОЛНИТЕЛЬНЫЕ ЭЛЕМЕНТЫ ЗАПИСИ (АБИС)
Тип экземпляра АБИС Звукозапись
980 ## - КОЛЛЕКЦИЯ
Название коллекции Национальная библиография
980 ## - КОЛЛЕКЦИЯ
Название коллекции Отдел нот и звукозаписей
Экземпляры
Тип экземпляра Дата поступления Библиотека постоянного хранения Библиотека текущего хранения Место хранения Шифр хранения Статус экземпляра
Звукозапись 24.05.2011 РНБ (Московский) РНБ (Московский) Фонд нот и звукозаписей Д/1203 Д/1203